000 00278nam a2200097Ia 4500
008 220204s9999 xx 000 0 und d
082 _a058(540)1983
_bTIM
245 0 _aTimes of India directory and yearbook. 1983, 1984
260 _aBombay
_bTimes of India press
_c1983
942 _cBK
999 _c38380
_d38380